Statistics for Saturday Stumper #4

Click here to take the quiz!

General Stats

  • This quiz has been taken 16,612 times
  • The average score is 14 of 24

Answer Stats

HintAnswer% Correct
fthFifth
97%
shionFashion
90%
priseSurprise
86%
imalAnimal
83%
dlockPadlock
76%
igmaStigma
76%
iletFilet
74%
ifeStrife
71%
igmaEnigma
70%
btDebt
68%
lonyFelony
64%
entyPlenty
63%
ifeKnife
59%
entyTwenty
59%
shionCushion
54%
btDoubt
53%
lonyColony
46%
fthTwelfth
39%
imalPrimal
38%
iletToilet
36%
lenceViolence
36%
dlockWedlock
35%
priseComprise
29%
lenceOpulence
14%

Score Distribution

Percentile by Number Answered

Percent of People with Each Score

Your Score History

You have not taken this quiz